000 00307nam a22001217a 4500
008 180425b xxu||||| |||| 00| 0 eng d
041 _aeng
080 _a043.3
100 _a0
101 _aMBE-BTH
245 _aNdikimi i marketingut digjital në sektorin privat të Kosovës
_cKabashi,K
942 _2udc
_cBK
999 _c45493
_d45493